Countries with Diplomatic Missions of Northern Cyprus - Statistics

General Stats
  • This quiz has been taken 512 times
    31 since last reset
  • The average score is 11 of 20
Answer Stats
Type Country % Correct
Embassy, 6 Consulates Turkey
97%
Representative Office United States
90%
Representative Office United Kingdom
83%
Representative Office France
79%
Representative Office Italy
79%
Representative Office Germany
76%
Representative Office Austria
69%
Representative Office Switzerland
62%
Representative Office Belgium
59%
Representative Office United Arab Emirates
55%
Representative Office Azerbaijan
48%
Representative Office Sweden
48%
Representative Office Oman
41%
Representative Office Qatar
38%
Representative Office Bahrain
34%
Representative Office Finland
34%
Representative Office Hungary
34%
Representative Office Kuwait
31%
Representative Office Pakistan
31%
Economy & Tourism Office Kyrgyzstan
14%
No matching quizzes found
Score Distribution
Percent of People with Each Score
Percentile by Number Answered
Your Score History
You have not taken this quiz since the last reset